Human Geography: Landscape of Human Activities (Record no. 2041)

MARC details
005 - DATE AND TIME OF LATEST TRANSACTION
control field 20250506140826.0
020 ## - INTERNATIONAL STANDARD BOOK NUMBER
International Standard Book Number 987-0-07-305151-2
082 ## - DEWEY DECIMAL CLASSIFICATION NUMBER
Classification number LECT 304.2 FEL
100 ## - MAIN ENTRY--PERSONAL NAME
Author name FELLMANN, J, D.
245 ## - TITLE STATEMENT
Title Human Geography: Landscape of Human Activities
250 ## - EDITION STATEMENT
Edition statement 10th Ed
260 ## - PUBLICATION, DISTRIBUTION, ETC.
Place of publication, distribution, etc. London,
Name of publisher, distributor, etc. McGraw-Hill,
Date of publication, distribution, etc. 2007.
300 ## - PHYSICAL DESCRIPTION
Extent xviii, 516p.: ill.; figures, graphs, pictures, table
Other physical details Bibliographical references, index,
Dimensions 28cm.
700 ## - ADDED ENTRY--PERSONAL NAME
Other authors/Editors GETIS, A & GETIS, J
942 ## - ADDED ENTRY ELEMENTS (KOHA)
Source of classification or shelving scheme Dewey Decimal Classification
Koha item type Books
Holdings
Date last seen Total checkouts Full call number Barcode Cost, replacement price Price effective from Koha item type Lost status Source of classification or shelving scheme Damaged status Not for loan Withdrawn status Home library Current library Shelving location Date acquired Cost, normal purchase price
05/06/2025   LECT 304.2 FEL 0000007795 90000.00 05/06/2025 Books   Dewey Decimal Classification       College of Business Education Main Library College of Business Education Main Library General Collection 12/08/2010 30000.00
05/06/2025   LECT 304.2 FEL 0000007796 90000.00 05/06/2025 Books   Dewey Decimal Classification       College of Business Education Main Library College of Business Education Main Library General Collection 12/08/2010 30000.00
05/06/2025   LECT 304.2 FEL 0000007797 90000.00 05/06/2025 Books   Dewey Decimal Classification       College of Business Education Main Library College of Business Education Main Library General Collection 12/08/2010 30000.00